00642nam a2200193Ia 4500008004100000020001400041082001600055100001900071245006600090250000700156260002700163300002800190500001900218600002100237650005000258942000700308952011800315999001500433240925s9999 xx 000 0 und d a672227371 a005.133 LAF aLafore, Robert 4aThe Waite Groups Turbo C Programming for the PC and Turbo C++ aNA aIndiana:bSAMSc,1990. axii,642p.bNAfOriginal aIncludes Index aComputer Science aComputer science, information & general works cBK 001040708CSaUITUbUITUd2006-02-27eF.B.Cg120.00l0o005.133 LAFpQ6620r2024-09-25 07:14:18w2024-09-25yBK c9119d9119